00400pab a2200133 454500008004000000100002600040245008600066260000900152300001400161362001200175650003800187650002000225773002100245180718b2003 xxu||||| |||| 00| 0 eng d aKrishna Mohan, P.V.T. aIs anaemia a public health problem in Gujarat? an investigation using NFHS-2 data c2003 ap.171-80. aJul-Dec aHealth services - India - Gujarat aHealth services aDemography India